Computer Networks (Record no. 205748)

MARC details
000 -LEADER
fixed length control field 00513nam a2200181Ia 4500
008 - FIXED-LENGTH DATA ELEMENTS--GENERAL INFORMATION
fixed length control field 230714s9999 xx 000 0 und d
020 ## - INTERNATIONAL STANDARD BOOK NUMBER
International Standard Book Number 9790000000000
041 ## - LANGUAGE CODE
Language code of text/sound track or separate title eng
082 ## - DEWEY DECIMAL CLASSIFICATION NUMBER
Classification number 004.6
Item number PET
100 ## - MAIN ENTRY--PERSONAL NAME
Personal name Peterson L.L.
9 (RLIN) 108584
245 ## - TITLE STATEMENT
Title Computer Networks
Remainder of title A Systems Approach
250 ## - EDITION STATEMENT
Edition statement 5th ed.
260 ## - PUBLICATION, DISTRIBUTION, ETC. (IMPRINT)
Date of publication, distribution, etc. 2012
Name of publisher, distributor, etc. MorganKaufmann/Elsevier
300 ## - PHYSICAL DESCRIPTION
Extent 884
365 ## - TRADE PRICE
Currency code Rs.
Price amount 450.00
700 ## - ADDED ENTRY--PERSONAL NAME
Personal name Peterson L.L. & Davie B.S.
9 (RLIN) 108585
906 ## - LOCAL DATA ELEMENT F, LDF (RLIN)
d O:0266829-Feb-2012B:282925-Jan-2012
c IT
b 562.5

No items available.